| 000 | 00519nam a22001697a 4500 | ||
|---|---|---|---|
| 003 | BD-DhUL | ||
| 005 | 20210822154356.0 | ||
| 008 | 180916s1934 pk ||||| |||| 00| 0 urd d | ||
| 040 |
_aBD-DhUL _cBD-DhUL |
||
| 082 |
_a891.431 _bJHD |
||
| 100 | 0 | _aجناب احسان بن دانش | |
| 245 | 1 |
_aدردزند گی / _cجناب احسان بن دانش _b |
|
| 260 |
_aلاہور : _bذیشان بکبڈیومزنگ، _c۔۱۹۳۴ |
||
| 300 |
_aص۔ ۳۳۶ ؛ _c۱۸ سم۔ |
||
| 650 | 4 | _aUrdu poetry | |
| 942 |
_2ddc _cBK |
||
| 999 |
_c243483 _d243483 |
||